[Event "34. ABC-Turnier 2014 - Gruppe D"]
[Site "Dortmund"]
[Date "2014.10.30"]
[Round "4.2"]
[White "Wenzel, Jakoba"]
[Black "Böckmann, Lieselotte"]
[Result "1-0"]
[WhiteElo "1116"]
[BlackElo "1055"]
[PlyCount "75"]
[EventDate "2014.??.??"]

1. Nf3 Nf6 2. g3 d6 3. Bg2 g6 4. d4 Bg7 5. c3 O-O 6. Nbd2 d5 7. O-O c6 8. Re1
Re8 9. e4 dxe4 10. Nxe4 Nxe4 11. Rxe4 Bf5 12. Re2 Bg4 13. Qb3 Bxf3 14. Bxf3 a5
15. Qxb7 Ra6 16. Qb3 Qc8 17. Bg5 Qf5 18. Rxe7 Rf8 19. Rae1 Qxg5 20. Rb7 Ra8 21.
Ree7 Qf6 22. Kg2 Kh8 23. Rxf7 Rxf7 24. Rxf7 Qd8 25. Qb7 Nd7 26. Rxd7 Qc8 27.
Rxg7 Qxb7 28. Rxb7 a4 29. a3 Rc8 30. d5 c5 31. d6 Rd8 32. d7 Kg7 33. Bg4 Kf6
34. f4 Ke7 35. Rc7 Kd6 36. Rc8 Rxd7 37. Bxd7 Kxd7 38. Rxc5 1-0

[Event "34. ABC-Turnier 2014 - Gruppe D"]
[Site "Dortmund"]
[Date "2014.10.30"]
[Round "4.3"]
[White "Jentzsch, Werner W"]
[Black "Heinz, Hans-Werner"]
[Result "1-0"]
[WhiteElo "1369"]
[BlackElo "1148"]
[PlyCount "59"]
[EventDate "2014.??.??"]

1. d4 d5 2. Nf3 Nf6 3. Bf4 Nc6 4. e3 e6 5. Nc3 a6 6. a3 Be7 7. Bd3 h6 8. Qd2 g5
9. Bg3 Nh5 10. O-O-O Nxg3 11. hxg3 Qd6 12. Rh2 Bd7 13. Rdh1 Bf8 14. Nxg5 Qe7
15. f4 O-O-O 16. Qe2 Bg7 17. Nf3 f5 18. Nd2 Nb8 19. Nb3 Qe8 20. Nc5 Bc6 21. b4
b5 22. a4 Bf8 23. axb5 axb5 24. Nxb5 Bxc5 25. bxc5 Kd7 26. Rxh6 Rxh6 27. Rxh6
Kc8 28. Na7+ Kb7 29. Nxc6 Qxc6 30. Bb5 1-0

[Event "34. ABC-Turnier 2014 - Gruppe D"]
[Site "Dortmund"]
[Date "2014.10.30"]
[Round "4.4"]
[White "Strotmann, Dieter"]
[Black "Schulz, Robin"]
[Result "1-0"]
[WhiteElo "1248"]
[BlackElo "1280"]
[PlyCount "59"]
[EventDate "2014.??.??"]

1. Nf3 Nc6 2. d4 d5 3. e3 Nf6 4. Bd3 g6 5. h3 Bg7 6. c3 Ne4 7. Nbd2 f5 8. Qc2
e5 9. c4 exd4 10. cxd5 Qxd5 11. Bc4 Qc5 12. Nxe4 fxe4 13. Bf7+ Kxf7 14. Qxc5
exf3 15. Qd5+ Be6 16. Qxf3+ Ke7 17. exd4 Nxd4 18. Qa3+ Kd7 19. Qa4+ b5 20. Qd1
Bc4 21. Qg4+ Kc6 22. Qe4+ Bd5 23. Qd3 Rhe8+ 24. Be3 Kb6 25. O-O Bc4 26. Bxd4+
Kc6 27. Qf3+ Bd5 28. Rac1+ Kd6 29. Qa3+ Kd7 30. Bxg7 1-0

[Event "34. ABC-Turnier 2014 - Gruppe D"]
[Site "Dortmund"]
[Date "2014.10.30"]
[Round "4.5"]
[White "Herrmann, Rudolf"]
[Black "Schlettig, Hans-Joachim"]
[Result "1/2-1/2"]
[WhiteElo "1366"]
[BlackElo "1123"]
[PlyCount "106"]
[EventDate "2014.??.??"]

1. d4 d5 2. c4 e6 3. Nf3 Nf6 4. Nc3 c5 5. e3 Nc6 6. Be2 g6 7. cxd5 cxd4 8. dxc6
dxc3 9. Qxd8+ Kxd8 10. bxc3 bxc6 11. O-O Bg7 12. Rd1+ Bd7 13. Ne5 Ke8 14. Bf3
Nd5 15. Nxd7 Kxd7 16. Rb1 Kc7 17. Bxd5 cxd5 18. Rb3 Rhd8 19. Bd2 a5 20. Rdb1
Rdb8 21. h4 a4 22. Rb4 a3 23. Kf1 Rxb4 24. Rxb4 Bf8 25. Rb3 Rb8 26. Rxb8 Kxb8
27. Ke2 Kc7 28. Kd3 Bg7 29. Kc2 Kc6 30. Kb3 Bf8 31. Bc1 Kb5 32. Bxa3 Bxa3 33.
Kxa3 Kc4 34. Kb2 e5 35. a4 Kc5 36. Kb3 f5 37. Kc2 e4 38. Kb3 h6 39. Kc2 Kb6 40.
Kb3 Ka5 41. c4 dxc4+ 42. Kxc4 Kxa4 43. Kd4 Kb4 44. g3 h5 45. Ke5 Kc4 46. Kf4 $4
(46. Kf6 $18) 46... Kd3 47. f3 exf3 48. Kxf3 Kd2 49. e4 fxe4+ 50. Kxe4 Ke2 51.
Kf4 Kf2 52. g4 hxg4 53. Kxg4 Kg2 1/2-1/2

[Event "34. ABC-Turnier 2014 - Gruppe D"]
[Site "Dortmund"]
[Date "2014.11.06"]
[Round "5.2"]
[White "Schulz, Robin"]
[Black "Herrmann, Rudolf"]
[Result "0-1"]
[WhiteElo "1280"]
[BlackElo "1366"]
[PlyCount "118"]
[EventDate "2014.??.??"]

1. e4 d5 2. exd5 Qxd5 3. Nc3 Qa5 4. Nf3 Nf6 5. d4 c6 6. Bd3 Bg4 7. Bd2 e6 8. a3
Be7 9. O-O Qc7 10. Be2 Nbd7 11. Ne5 Bxe2 12. Qxe2 Nxe5 13. Bf4 O-O 14. Bxe5 Qd7
15. Rad1 Rfe8 16. Rfe1 Nd5 17. Nxd5 cxd5 18. c4 Bd6 19. Bxd6 Qxd6 20. c5 Qc6
21. b4 a6 22. Qc2 Rec8 23. Re3 b6 24. Rh3 h6 25. Re1 f6 26. Qg6 Qe8 27. Rxh6
Qxg6 28. Rxg6 Kh7 29. Rg3 g5 30. Rxe6 Kg6 31. Rf3 Rf8 32. Rxb6 a5 33. b5 Rae8
34. g3 Re4 35. Rd3 Re2 36. c6 Rc2 37. Kf1 Re8 38. Rb7 Ree2 39. Rf3 Red2 40. c7
Rxd4 41. b6 Rd1+ 42. Kg2 g4 43. Rf4 f5 44. Rb8 Rdc1 45. Rg8+ Kh7 46. Rfxg4 fxg4
47. Rxg4 Rc6 48. h4 Rb1 49. f4 Rbxb6 50. Rg5 Rxc7 51. Rxd5 Ra7 52. Kf3 Rb3+ 53.
Ke4 Rxg3 54. Rh5+ Kg7 55. Rg5+ Rxg5 56. hxg5 Kg6 57. Kf3 Kf5 58. Kg3 Rh7 59. g6
Kxg6 0-1

[Event "34. ABC-Turnier 2014 - Gruppe D"]
[Site "Dortmund"]
[Date "2014.10.02"]
[Round "5.3"]
[White "Strotmann, Dieter"]
[Black "Heinz, Hans-Werner"]
[Result "1/2-1/2"]
[WhiteElo "1248"]
[BlackElo "1148"]
[PlyCount "68"]
[EventDate "2014.??.??"]

1. Nf3 d5 2. d4 Nf6 3. g3 h6 4. Bg2 e6 5. O-O Be7 6. b3 Nc6 7. Ba3 b5 8. Bxe7
Qxe7 9. Nbd2 O-O 10. c4 bxc4 11. bxc4 Rd8 12. Qc2 Rb8 13. cxd5 exd5 14. Qxc6
Rb6 15. Qc2 g6 16. Ne5 Bf5 17. Qc1 Rdd6 18. Nb3 Kg7 19. Na5 Ng4 20. Nac6 Qf6
21. Nxg4 Bxg4 22. Nxa7 Re6 23. e3 Bf3 24. Bh3 Re4 25. Nc6 Rxc6 26. Qb2 Qg5 27.
Rfc1 Rb6 28. Qa3 Rh4 29. Bg2 Bxg2 30. Kxg2 Qg4 31. Kh1 Qf3+ 32. Kg1 Rh3 33. Qd3
Qh5 34. Qd1 Qf5 1/2-1/2

[Event "34. ABC-Turnier 2014 - Gruppe D"]
[Site "Dortmund"]
[Date "2014.11.06"]
[Round "5.4"]
[White "Böckmann, Lieselotte"]
[Black "Jentzsch, Werner W"]
[Result "0-1"]
[WhiteElo "1055"]
[BlackElo "1369"]
[PlyCount "78"]
[EventDate "2014.??.??"]

1. c4 e5 2. d3 f5 3. Nc3 Nf6 4. g3 Bc5 5. Bg2 Ng4 6. Nh3 O-O 7. e3 c6 8. O-O d6
9. Bd2 Na6 10. Na4 Bb6 11. Nxb6 axb6 12. f4 Nc5 13. Bc3 Nxe3 14. Qe2 Nxf1 15.
Qxf1 e4 16. dxe4 Nxe4 17. Bxe4 fxe4 18. Kg2 Bg4 19. Qf2 Qd7 20. Ng5 d5 21. h3
Bf5 22. Qd4 c5 23. Qxg7+ Qxg7 24. Bxg7 Kxg7 25. cxd5 h6 26. Ne6+ Bxe6 27. dxe6
Rad8 28. h4 Rd2+ 29. Kh3 Re8 30. f5 h5 31. Rf1 Kf6 32. g4 Rd3+ 33. Kh2 hxg4 34.
Rf4 g3+ 35. Kg2 e3 36. Kxg3 Rd4 37. Rxd4 cxd4 38. Kf3 Kxf5 39. h5 Rxe6 0-1

[Event "34. ABC-Turnier 2014 - Gruppe D"]
[Site "Dortmund"]
[Date "2014.10.23"]
[Round "6.3"]
[White "Strotmann, Dieter"]
[Black "Böckmann, Lieselotte"]
[Result "0-1"]
[WhiteElo "1248"]
[BlackElo "1055"]
[PlyCount "94"]
[EventDate "2014.??.??"]

1. Nf3 d5 2. d4 Nf6 3. g3 Nc6 4. Bg2 h6 5. O-O e6 6. b3 Bd6 7. Bb2 O-O 8. Nbd2
b5 9. a4 b4 10. c4 Re8 11. Rc1 Bf8 12. cxd5 Ne7 13. dxe6 Bxe6 14. Ne5 Rb8 15.
Bc6 Nxc6 16. Nxc6 Qd5 17. Nxb8 Bh3 18. f3 Bxf1 19. Qxf1 Rxb8 20. Rxc7 a5 21. e4
Qd8 22. Qc4 Nd7 23. e5 Nb6 24. Qxf7+ Kh8 25. e6 Qe8 26. Qxe8 Rxe8 27. Rc6 Nd5
28. f4 Kh7 29. f5 Nf6 30. Nc4 Ng8 31. d5 Ne7 32. Ra6 Nxd5 33. Rxa5 Rd8 34. Ra7
Bc5+ 35. Kg2 Bxa7 36. Ne5 Ne3+ 37. Kf3 Re8 38. g4 Nf1 39. h3 Nd2+ 40. Kg3 Nxb3
41. Nc6 Bc5 42. Kh4 Bf2+ 43. Kh5 Be3 44. Nxb4 Bg5 45. Nd5 Nc5 46. a5 Ne4 47. a6
Ng3# 0-1

[Event "34. ABC-Turnier 2014 - Gruppe D"]
[Site "Dortmund"]
[Date "2014.11.20"]
[Round "6.4"]
[White "Herrmann, Rudolf"]
[Black "Heinz, Hans-Werner"]
[Result "1/2-1/2"]
[WhiteElo "1366"]
[BlackElo "1148"]
[PlyCount "113"]
[EventDate "2014.??.??"]

1. d4 d5 2. Nf3 e6 3. c4 Nf6 4. Nc3 c6 5. e3 Be7 6. Be2 h6 7. O-O Qc7 8. cxd5
exd5 9. Ne5 Bd6 10. f4 Be6 11. Bg4 Nxg4 12. Nxg4 f5 13. Ne5 Bxe5 14. dxe5 h5
15. Na4 Na6 16. a3 O-O-O 17. b4 b5 18. Nc5 Nxc5 19. bxc5 h4 20. h3 Rdg8 21. Bb2
g5 22. fxg5 Rxg5 23. Bd4 Rhg8 24. Ra2 Rg3 25. Rf3 f4 26. Rxg3 Rxg3 27. Qh5 Qe7
28. exf4 Bxh3 29. Qh8+ Kb7 30. Qf6 Qd7 31. Qxh4 Rg8 32. g3 Bf5 33. Rh2 Rg4 34.
Qh6 Rxg3+ 35. Rg2 Rxg2+ 36. Kxg2 Be4+ 37. Kg3 Bf5 38. e6 Bxe6 39. Qg7 Qxg7+ 40.
Bxg7 a5 41. Kf3 b4 42. axb4 axb4 43. Ke3 Ka6 44. Kd2 Kb5 45. Bd4 Kc4 46. Bf2 b3
47. Kc1 Bf5 48. Kb2 d4 49. Be1 Be6 50. Bd2 Kxc5 51. f5 Bxf5 52. Kxb3 Be6+ 53.
Kc2 Kc4 54. Bg5 d3+ 55. Kd2 Bf5 56. Bf6 c5 57. Bg7 1/2-1/2

[Event "34. ABC-Turnier 2014 - Gruppe D"]
[Site "Dortmund"]
[Date "2014.11.25"]
[Round "6.5"]
[White "Schlettig, Hans-Joachim"]
[Black "Schulz, Robin"]
[Result "0-1"]
[WhiteElo "1123"]
[BlackElo "1280"]
[PlyCount "138"]
[EventDate "2014.??.??"]

1. d4 d5 2. c4 c6 3. Nf3 Bf5 4. e3 e6 5. a3 c5 6. Bd2 Nf6 7. b4 b6 8. bxc5 bxc5
9. dxc5 Bxc5 10. Bb4 Qd6 11. Qb3 Nbd7 12. Bxc5 Nxc5 13. Qd1 O-O 14. Be2 Rad8
15. O-O dxc4 16. Nc3 Bd3 17. Nb5 Qb6 18. Nbd4 Nfe4 19. Ne5 Qa6 20. Bxd3 Nxd3
21. Nxd3 cxd3 22. f3 Nc3 23. Qd2 Ne2+ 24. Kh1 Nxd4 25. exd4 Rxd4 26. Rfc1 Rc8
27. Rxc8+ Qxc8 28. Rc1 Qd7 29. Qc3 h6 30. Kg1 d2 31. Rd1 Rd3 32. Qc2 Qd4+ 33.
Kf1 Qc3 34. Qxc3 Rxc3 35. Ke2 Rxa3 36. Rxd2 f5 37. Rd8+ Kf7 38. Kf2 f4 39. g3
Ra2+ 40. Kg1 fxg3 41. hxg3 e5 42. Rd7+ Kf6 43. Rd6+ Kf5 44. Rd5 g5 45. Rd8 Ra6
46. Rd7 g4 47. Rf7+ Kg6 48. Re7 gxf3 49. Rxe5 Ra2 50. Re4 Rg2+ 51. Kf1 Rxg3 52.
Kf2 Kf5 53. Ra4 Rg7 54. Kxf3 Ke5 55. Ra5+ Kd4 56. Ra6 h5 57. Rh6 Rg5 58. Kf4
Ra5 59. Rh7 Kc3 60. Kg3 a6 61. Ra7 Kc4 62. Kh4 Kb5 63. Rb7+ Kc5 64. Rh7 Kb4 65.
Rb7+ Rb5 66. Ra7 a5 67. Rf7 a4 68. Rf4+ Ka5 69. Rf8 a3 0-1

[Event "34. ABC-Turnier 2014 - Gruppe D"]
[Site "Dortmund"]
[Date "2014.11.27"]
[Round "7.2"]
[White "Heinz, Hans-Werner"]
[Black "Schlettig, Hans-Joachim"]
[Result "0-1"]
[WhiteElo "1148"]
[BlackElo "1123"]
[PlyCount "62"]
[EventDate "2014.??.??"]

1. e4 e5 2. Nf3 Nc6 3. Nc3 Bb4 4. a3 Bxc3 5. bxc3 Nf6 6. d3 O-O 7. Bb2 d6 8. h3
Re8 9. Be2 b6 10. Qd2 Na5 11. c4 Nb7 12. O-O-O Nc5 13. g4 Na4 14. Ba1 Be6 15.
g5 Nh5 16. Rdg1 Nf4 17. Bf1 Qd7 18. Rg3 Rab8 19. Nd4 exd4 20. Qxf4 c5 21. h4 b5
22. Kd2 bxc4 23. dxc4 Rb1 24. Bg2 Reb8 25. Rb3 R1xb3 26. cxb3 Rxb3 27. Kc2 Bxc4
28. Rh3 Rxh3 29. Bxh3 Qxh3 30. Qxd6 Qb3+ 31. Kd2 Qa2+ 0-1

[Event "34. ABC-Turnier 2014 - Gruppe D"]
[Site "Dortmund"]
[Date "2014.11.27"]
[Round "7.3"]
[White "Böckmann, Lieselotte"]
[Black "Herrmann, Rudolf"]
[Result "1/2-1/2"]
[WhiteElo "1055"]
[BlackElo "1366"]
[PlyCount "39"]
[EventDate "2014.??.??"]

1. c4 b6 2. Nc3 Nf6 3. e3 e6 4. Nf3 Be7 5. Be2 O-O 6. O-O Re8 7. d4 Bb7 8. Qc2
d5 9. Ng5 Ne4 10. Ngxe4 dxe4 11. Nxe4 Nd7 12. Bd3 f5 13. Ng3 Nf6 14. Bd2 c6 15.
f3 Bd6 16. f4 Bc7 17. Rac1 Rc8 18. b4 a6 19. c5 Ng4 20. h3 {(=)} 1/2-1/2

[Event "34. ABC-Turnier 2014 - Gruppe D"]
[Site "Dortmund"]
[Date "2014.11.27"]
[Round "7.5"]
[White "Wenzel, Jakoba"]
[Black "Jentzsch, Werner W"]
[Result "0-1"]
[WhiteElo "1116"]
[BlackElo "1369"]
[PlyCount "28"]
[EventDate "2014.??.??"]

1. g3 d5 2. Bg2 Nf6 3. e3 e5 4. Nf3 Nc6 5. O-O Bg4 6. h3 Bh5 7. Re1 e4 8. g4
exf3 9. Qxf3 Bg6 10. d3 Bd6 11. h4 Ne5 12. Qe2 Nexg4 13. f4 Bh5 14. e4 Bc5+ 0-1

[Event "34. ABC-Turnier 2014 - Gruppe D"]
[Site "Dortmund"]
[Date "2014.12.04"]
[Round "8.2"]
[White "Strotmann, Dieter"]
[Black "Wenzel, Jakoba"]
[Result "1-0"]
[WhiteElo "1248"]
[BlackElo "1116"]
[PlyCount "53"]
[EventDate "2014.??.??"]

1. d4 c5 2. e3 e6 3. Nf3 Nc6 4. Bb5 Qa5+ 5. Nc3 Nf6 6. Bxc6 bxc6 7. Nd2 Ba6 8.
Nb3 Qb6 9. Ne2 c4 10. Nd2 d5 11. Nc3 Bb4 12. O-O Qc7 13. h3 Bd6 14. Nf3 Ne4 15.
Re1 Bb4 16. Bd2 Rb8 17. Rb1 Bd6 18. a3 O-O 19. Nxe4 dxe4 20. Ne5 f6 21. Ng4 f5
22. Ne5 c5 23. dxc5 Bxc5 24. Bc3 Rbd8 25. Qe2 Bd6 26. f4 Rf6 27. Nc6 {
und Schwarz ueberschritt die Zeit.} 1-0

[Event "34. ABC-Turnier 2014 - Gruppe D"]
[Site "Dortmund"]
[Date "2014.10.16"]
[Round "8.3"]
[White "Herrmann, Rudolf"]
[Black "Hofscheuer, Hans"]
[Result "1/2-1/2"]
[WhiteElo "1366"]
[BlackElo "1102"]
[PlyCount "89"]
[EventDate "2014.??.??"]

1. d4 d5 2. Nf3 Nf6 3. c4 e6 4. Nc3 c6 5. e3 Bb4 6. Be2 Ne4 7. Qc2 Bxc3+ 8.
bxc3 O-O 9. O-O Nd7 10. cxd5 exd5 11. c4 Ndf6 12. cxd5 cxd5 13. Ba3 Re8 14. Ne5
Bf5 15. Qb2 b6 16. Bb5 Bd7 17. Rac1 Bxb5 18. Qxb5 Rc8 19. Rxc8 Qxc8 20. Qb2 Qf5
21. h3 Rc8 22. Be7 Nd7 23. Nf3 Qe6 24. Bh4 h6 25. Rc1 Rxc1+ 26. Qxc1 g5 27.
Qc8+ Kh7 28. Bg3 Nxg3 29. fxg3 Qd6 30. Qe8 Kg7 31. g4 Nf6 32. Qc8 Ne4 33. Ne5
Qf6 34. Nf3 Qd6 35. Ne5 Qf6 36. Nf3 Qd6 37. Qb7 a5 38. Ne5 Qf6 39. Nf3 Qd6 40.
Ne5 Qf6 41. Qxd5 Qf2+ 42. Kh2 Qg3+ 43. Kg1 Qf2+ 44. Kh2 Qg3+ 45. Kg1 1/2-1/2

[Event "34. ABC-Turnier 2014 - Gruppe D"]
[Site "Dortmund"]
[Date "2014.12.04"]
[Round "8.4"]
[White "Schlettig, Hans-Joachim"]
[Black "Böckmann, Lieselotte"]
[Result "1-0"]
[WhiteElo "1123"]
[BlackElo "1055"]
[PlyCount "111"]
[EventDate "2014.??.??"]

1. d4 Nf6 2. c4 g6 3. Nf3 Bg7 4. Nc3 O-O 5. e4 d6 6. Bg5 h6 7. Bh4 b6 8. h3 c5
9. d5 e5 10. Bd3 Na6 11. a3 Nc7 12. O-O Nce8 13. Qd2 Qd7 14. Nh2 g5 15. Bg3 Nh5
16. Ne2 Nef6 17. f3 Nf4 18. Nxf4 gxf4 19. Bh4 Nh5 20. Ng4 Kh8 21. Qf2 Qe8 22.
Kh1 Ng3+ 23. Bxg3 fxg3 24. Qxg3 Qe7 25. f4 h5 26. Ne3 Qd8 27. Qg5 Qxg5 28. fxg5
Bd7 29. Nf5 Bxf5 30. exf5 Rfe8 31. f6 e4 32. fxg7+ Kxg7 33. Be2 h4 34. Rf6 Rh8
35. Raf1 Raf8 36. Rxd6 Kg8 37. Rd7 a6 38. Rf6 Rh7 39. Rxb6 f6 40. Rxh7 Kxh7 41.
gxf6 Kg6 42. Rxa6 Rb8 43. Bg4 Rxb2 44. Kg1 Rb1+ 45. Kf2 Rb2+ 46. Ke3 Rxg2 47.
Kxe4 Rd2 48. Bf5+ Kf7 49. Ra7+ Kxf6 50. Ra6+ Kg5 51. Rg6+ Kh5 52. d6 Re2+ 53.
Kd5 Rf2 54. Be4 Ra2 55. d7 Rd2+ 56. Kc6 1-0

[Event "34. ABC-Turnier 2014 - Gruppe D"]
[Site "Dortmund"]
[Date "2014.12.04"]
[Round "8.5"]
[White "Schulz, Robin"]
[Black "Heinz, Hans-Werner"]
[Result "1-0"]
[WhiteElo "1280"]
[BlackElo "1148"]
[PlyCount "74"]
[EventDate "2014.??.??"]

1. d4 d5 2. c4 Nf6 3. Nc3 e6 4. Bf4 Nc6 5. Nf3 Bd6 6. Ne5 O-O 7. e3 Ne4 8. Nxe4
dxe4 9. Nxc6 bxc6 10. Bxd6 cxd6 11. Be2 Qa5+ 12. Qd2 Qxd2+ 13. Kxd2 d5 14. Rac1
Rb8 15. b3 Bd7 16. f3 f5 17. Rhf1 Rf6 18. h3 a5 19. fxe4 dxe4 20. g4 Rh6 21.
gxf5 exf5 22. c5 Rxh3 23. Bc4+ Kh8 24. d5 Rh2+ 25. Be2 g6 26. d6 Rb4 27. Rc2
Kg7 28. Rfc1 a4 29. Rc4 Rxc4 30. Rxc4 axb3 31. a4 Rh1 32. Rb4 Kf6 33. a5 Ra1
34. a6 Ra2+ 35. Ke1 Bc8 36. Rb6 b2 37. Kd1 Ke6 $4 {und es folgte wohl der
nicht mehr notierte Zug 38.Le2-c4+ mit Turmgewinn, denn Schwarz gab auf.} 1-0

[Event "34. ABC-Turnier 2014 - Gruppe D"]
[Site "Dortmund"]
[Date "2014.12.18"]
[Round "9.1"]
[White "Wenzel, Jakoba"]
[Black "Heinz, Hans-Werner"]
[Result "1-0"]
[WhiteElo "1116"]
[BlackElo "1144"]
[PlyCount "95"]
[EventDate "2014.??.??"]

1. f4 d5 2. Nf3 Nc6 3. e3 Bg4 4. Be2 e6 5. O-O Nf6 6. b3 h6 7. Bb2 Bc5 8. d4
Bd6 9. c4 b6 10. c5 bxc5 11. Bb5 Qd7 12. Ba3 a6 13. Ba4 O-O 14. Qc2 Ne4 15. Ne5
Bxe5 16. fxe5 Bf5 17. Qe2 f6 18. Nd2 Nc3 19. Qf2 Nxa4 20. bxa4 fxe5 21. Bxc5
Rf7 22. Qg3 e4 23. Rf4 Kh7 24. Raf1 Rg8 25. Rh4 Rf6 26. Rh5 Rg6 27. Qh4 Rg4 28.
Qf2 Qf7 29. Rh3 Rg5 30. Qf4 Qg6 31. Rh4 Rxg2+ 32. Kh1 Rg4 33. Rxg4 Bxg4 34. Rg1
h5 35. h3 Qe8 36. hxg4 e5 37. Qh2 g6 38. gxh5 gxh5 39. Rxg8 Kxg8 40. Qg3+ Kh7
41. Qg5 exd4 42. Qxd5 dxe3 43. Bxe3 Nb4 44. Qf5+ Kg7 45. Bd4+ Kh6 46. Nxe4 Nxa2
47. Qg5+ Kh7 48. Qg7# 1-0

[Event "34. ABC-Turnier 2014 - Gruppe D"]
[Site "Dortmund"]
[Date "2014.12.18"]
[Round "9.2"]
[White "Böckmann, Lieselotte"]
[Black "Schulz, Robin"]
[Result "1/2-1/2"]
[WhiteElo "1055"]
[BlackElo "1280"]
[PlyCount "80"]
[EventDate "2014.??.??"]

1. c4 e5 2. e3 Nc6 3. Nc3 Nf6 4. a3 d5 5. b4 d4 6. Na4 Be7 7. d3 a6 8. g3 Bd7
9. Bg2 b5 10. Nc5 O-O 11. Nxd7 Qxd7 12. c5 Rad8 13. Bh3 Qd5 14. e4 Nxe4 15. Qf3
Ng5 16. Qxd5 Rxd5 17. Bg2 e4 18. dxe4 Re5 19. Bxg5 Rxg5 20. Nh3 Rg6 21. O-O a5
22. Nf4 Rh6 23. Nd5 f5 24. Nxe7+ Nxe7 25. e5 axb4 26. axb4 Nc6 27. Bxc6 Rxc6
28. Rad1 Rd8 29. Rfe1 Re6 30. Rd3 Rd5 31. f4 h6 32. Red1 g5 33. Rxd4 Rxd4 34.
Rxd4 gxf4 35. Rd8+ Kf7 36. gxf4 Kg6 37. h3 Kh5 38. Rg8 Kh4 39. Kg2 Ra6 40. Rh8
h5 1/2-1/2

[Event "34. ABC-Turnier 2014 - Gruppe D"]
[Site "Dortmund"]
[Date "2014.11.20"]
[Round "9.5"]
[White "Jentzsch, Werner W"]
[Black "Strotmann, Dieter"]
[Result "0-1"]
[WhiteElo "1369"]
[BlackElo "1248"]
[PlyCount "118"]
[EventDate "2014.??.??"]

1. d4 Nf6 2. c4 d5 3. Nc3 c6 4. Bf4 g6 5. h3 Bg7 6. e3 Nbd7 7. cxd5 Nxd5 8.
Nxd5 cxd5 9. Bd3 Qa5+ 10. Qd2 Qxd2+ 11. Kxd2 e5 12. dxe5 Nxe5 13. Bxe5 Bxe5 14.
Rb1 Be6 15. Nf3 Bg7 16. b3 Ke7 17. Nd4 Rhd8 18. Rhc1 Bxd4 19. exd4 Rac8 20. Ke3
f5 21. Kf4 Kf6 22. h4 h6 23. Re1 g5+ 24. hxg5+ hxg5+ 25. Kf3 Rh8 26. Re5 Rh4
27. g3 Rxd4 28. Re3 f4 29. gxf4 gxf4 30. Rxe6+ Kxe6 31. Re1+ Kd6 32. Bf5 Rc3+
33. Kg2 Kc5 34. Re7 Kb6 35. Re6+ Rc6 36. Re8 Ka5 37. Ra8 a6 38. Bc8 Kb6 39. Rb8
Rc7 40. Ra8 Rg7+ 41. Kf3 Rg8 42. Bxb7 Rxa8 43. Bxa8 Kc5 44. Bb7 a5 45. Bc8 Kb4
46. Bd7 Ka3 47. Ba4 Kxa2 48. Kg4 Kb2 49. f3 Kc3 50. Kf5 Kd3 51. Bc6 Ke3 52. Kg4
Rd3 53. Ba8 Rd4 54. Bc6 Rd2 55. Ba8 d4 56. Bd5 Rd1 57. Be4 d3 58. Bh7 d2 59.
Bc2 Rg1+ 0-1

[Event "34. ABC-Turnier 2014 - Gruppe E"]
[Site "Dortmund"]
[Date "2014.10.02"]
[Round "1.1"]
[White "Miska, Thomas"]
[Black "Sobottka, Hans-Gerald"]
[Result "1/2-1/2"]
[WhiteElo "936"]
[BlackElo "956"]
[PlyCount "80"]
[EventDate "2014.??.??"]

1. e4 e5 2. Nf3 Nc6 3. Nc3 Nf6 4. Bc4 Bb4 5. a3 Bxc3 6. bxc3 Nxe4 7. O-O d5 8.
Bb3 O-O 9. Bb2 Be6 10. d3 Ng5 11. Bc1 Nxf3+ 12. Qxf3 h6 13. Re1 d4 14. c4 Re8
15. Ba4 Bd7 16. Bd2 Re6 17. Rab1 Rb8 18. h3 Qf6 19. Qxf6 Rxf6 20. Bxc6 Bxc6 21.
Rxe5 Re8 22. Rxe8+ Bxe8 23. Rxb7 Ba4 24. c3 Bc2 25. cxd4 Bxd3 26. Rxc7 Ra6 27.
Bc1 Ra4 28. c5 Rxd4 29. Rxa7 Rc4 30. Be3 Be4 31. Ra6 Bb7 32. Rb6 Bd5 33. Rb4
Rxb4 34. axb4 Bc6 35. f4 f5 36. g3 Kf7 37. Bd4 g6 38. Kf2 h5 39. g4 h4 40. gxf5
gxf5 {(=)} 1/2-1/2

[Event "34. ABC-Turnier 2014 - Gruppe E"]
[Site "Dortmund"]
[Date "2014.10.02"]
[Round "1.3"]
[White "Reker, Gerhard"]
[Black "Rabe, Mark"]
[Result "0-1"]
[WhiteElo "916"]
[BlackElo "1024"]
[PlyCount "40"]
[EventDate "2014.??.??"]

1. e4 e5 2. Nf3 Nc6 3. Bb5 Nf6 4. Bxc6 bxc6 5. d3 Be7 6. Nxe5 Bb7 7. Qf3 O-O 8.
Qg3 Nh5 9. Qg4 g6 10. Nxd7 Bc8 11. Qf3 Qxd7 12. O-O Qg4 13. Qe3 Bg5 14. Qe1
Bxc1 15. Qxc1 Nf4 16. g3 Nh3+ 17. Kg2 Ng5 18. h4 Qf3+ 19. Kh2 Bh3 20. hxg5 Qg2#
0-1

[Event "34. ABC-Turnier 2014 - Gruppe E"]
[Site "Dortmund"]
[Date "2014.10.16"]
[Round "2.1"]
[White "Sobottka, Hans-Gerald"]
[Black "Schulz, Wolfgang"]
[Result "1-0"]
[WhiteElo "956"]
[BlackElo "994"]
[PlyCount "129"]
[EventDate "2014.??.??"]

1. c4 e6 2. g3 Nf6 3. Bg2 d5 4. b3 Nc6 5. Nf3 Bc5 6. d4 Bb4+ 7. Bd2 Ne4 8. Bxb4
Nxb4 9. a3 Nc6 10. c5 O-O 11. O-O Qf6 12. e3 b6 13. b4 bxc5 14. bxc5 Ba6 15.
Re1 Rab8 16. Nbd2 Nc3 17. Qc2 Ne2+ 18. Kh1 e5 19. Bf1 exd4 20. Bxe2 Bxe2 21.
Rxe2 dxe3 22. Rae1 Rb2 23. Qd3 d4 24. fxe3 Qd8 25. exd4 g6 26. d5 Na5 27. Qc3
Rb5 28. a4 Rb8 29. Qxa5 Ra8 30. d6 cxd6 31. Qxd8 Raxd8 32. c6 Rc8 33. Nd4 Rb8
34. Re7 Rb4 35. Nb5 Rxa4 36. Nxa7 Ra2 37. Nc4 d5 38. Nd6 Kg7 39. c7 Rxa7 40.
Ne8+ Rxe8 41. Rxe8 Rxc7 42. R8e7 Rc4 43. Rd7 Rd4 44. Kg2 Rd2+ 45. Kf3 d4 46. h4
Rd3+ 47. Kg2 h5 48. Ree7 Rd2+ 49. Kh3 Kf6 50. Rxf7+ Ke6 51. Ra7 Rc2 52. Rf3 Ke5
53. Rg7 Rc1 54. Rxg6 Ke4 55. Rf4+ Ke5 56. Rg5+ Ke6 57. Rxd4 Rf1 58. Rxh5 Rf6
59. Rf4 Rg6 60. g4 Rg8 61. Rg5 Rd8 62. h5 Rd3+ 63. Kh4 Rd1 64. Rg6+ Ke5 65.
Rf5+ 1-0

[Event "34. ABC-Turnier 2014 - Gruppe E"]
[Site "Dortmund"]
[Date "2014.10.16"]
[Round "2.5"]
[White "Miska, Thomas"]
[Black "Wilkins, Petra"]
[Result "0-1"]
[WhiteElo "936"]
[BlackElo "1044"]
[PlyCount "68"]
[EventDate "2014.??.??"]

1. e4 d6 2. Nc3 Nf6 3. d3 g6 4. Be2 Bg7 5. Nf3 O-O 6. O-O Nc6 7. Be3 e5 8. a3
Nh5 9. Nd5 Ne7 10. c3 Nxd5 11. exd5 f5 12. Bd2 f4 13. Ne1 Nf6 14. f3 Nxd5 15.
Qc1 Qg5 16. Kf2 Qh4+ 17. Kg1 h5 18. Rf2 Bd7 19. c4 Nf6 20. d4 Qg5 21. dxe5 dxe5
22. Bc3 h4 23. h3 Bxh3 24. Kf1 Be6 25. Nd3 Qg3 26. Ke1 e4 27. Nxf4 Rae8 28. Bb4
Rf7 29. Bd2 Bf5 30. Nd5 Nxd5 31. cxd5 exf3 32. Bf4 Rxe2+ 33. Kd1 Qxf2 34. Bd2
fxg2 0-1

[Event "34. ABC-Turnier 2014 - Gruppe E"]
[Site "Dortmund"]
[Date "2014.10.23"]
[Round "3.1"]
[White "Wilkins, Petra"]
[Black "Sobottka, Hans-Gerald"]
[Result "1-0"]
[WhiteElo "1044"]
[BlackElo "956"]
[PlyCount "119"]
[EventDate "2014.??.??"]

1. d4 c5 2. Nf3 Nc6 3. g3 d5 4. dxc5 e6 5. Be3 g6 6. Bg2 Bg7 7. c3 Nge7 8. O-O
O-O 9. Nd4 e5 10. Nxc6 bxc6 11. f3 f5 12. Bg5 f4 13. Qe1 Rf5 14. gxf4 exf4 15.
Qh4 d4 16. Bxe7 Qe8 17. Re1 Rh5 18. Qxf4 Qxe7 19. cxd4 Rh4 20. Qd6 Bxd4+ 21.
Kh1 Rxh2+ 22. Qxh2 Bxb2 23. Nd2 Bxa1 24. Rxa1 Qxe2 25. Ne4 Bf5 26. Ng5 h5 27.
f4 Rd8 28. Bxc6 Qxh2+ 29. Kxh2 Rc8 30. Bd5+ Kg7 31. c6 Rc7 32. Re1 Kf6 33. Ne4+
Ke7 34. Nc3+ Kd8 35. Nb5 Re7 36. Rxe7 Kxe7 37. Nxa7 Kd8 38. a4 Kc7 39. Nb5+ Kb6
40. Nd4 Bc8 41. Bf7 Kc5 42. a5 Kxd4 43. Bxg6 Kc5 44. Be8 h4 45. Bd7 Ba6 46. f5
Kd6 47. Kh3 Ke7 48. Kxh4 Be2 49. Kg5 Ba6 50. Kg6 Bc4 51. Be6 Bd3 52. c7 Ba6 53.
Bc4 Bc8 54. f6+ Kf8 55. f7 Bd7 56. a6 Bc8 57. a7 Bb7 58. c8=Q+ Bxc8 59. a8=Q
Ke7 60. Qxc8 1-0

[Event "34. ABC-Turnier 2014 - Gruppe E"]
[Site "Dortmund"]
[Date "2014.10.23"]
[Round "3.2"]
[White "Reker, Gerhard"]
[Black "Miska, Thomas"]
[Result "0-1"]
[WhiteElo "916"]
[BlackElo "936"]
[PlyCount "50"]
[EventDate "2014.??.??"]

1. e4 e5 2. d3 Nc6 3. Nf3 d6 4. Be2 Nf6 5. O-O Be7 6. Nc3 O-O 7. Nd5 Nxd5 8.
exd5 Nd4 9. Nxd4 exd4 10. Bf3 Bf6 11. Be4 g6 12. h3 Bg7 13. Qf3 f5 14. Bxf5
Rxf5 15. Qe4 Rf8 16. Bd2 Bf5 17. Qe1 Re8 18. Qc1 Qd7 19. Bg5 Qf7 20. Qd2 Qxd5
21. Qb4 Bxh3 22. gxh3 Qxg5+ 23. Kh2 Be5+ 24. Kh1 Qf4 25. Qc4+ Kf8 0-1